Statistics for Bone Quiz

Click here to take the quiz!

General Stats

  • This quiz has been taken 17 times
  • The average score is 13 of 17

Answer Stats

Body PartBone Name% Correct
CollarboneClavicle
93%
Thigh BoneFemur
93%
Lower JawMandible
93%
Larger Lower Arm BoneRadius
93%
Protects Your OrgansRibs
93%
Ribs Attached to ThisSternum
93%
Smaller Lower Arm BoneUlna
93%
Smaller Lower Leg BoneFibula
87%
Upper arm boneHumerus
87%
Larger Lower Leg BoneTibia
87%
Upper Toe & Finger BonesPhalanges
73%
Shoulder BoneScapula
73%
Lower Toe BonesMetatarsals
47%
Wrist BonesCarpals
40%
Lower Finger BonesMetacarpals
40%
Upper JawMaxilla
33%
Ankle BonesTarsals
33%

Score Distribution

Percentile by Number Answered

Percent of People with Each Score

Your Score History

You have not taken this quiz